00523 a2200181 4500001000700000020001500007040003200022100002200054245002400076260001300100300004700113362000900160520009200169650002600261650002100287650001600308650001700324122415 a0590059637 cEscola Canadense de Niteroi aOppenheim, Joanne10aHave you seen bugs? aNew York a31 p.c5 x 0.5 x 10.75 inches (hardcover) 0 a1997 aDescribes in verse a variety of bugs and how they look, behave, and improve our lives.  4aChildren's Literature 4aBugs and Insects 4aNon-Fiction 4aAnimal Facts